• 首页
  • 本馆介绍
  • 公告通知
  • 最新文献
  • 馆藏检索
  • 电子资源
  • 读者导购
  • 参考咨询
  • 我的图书馆
  • 登录
  • 详细信息显示
  • 放入我的书架
  • 预约/预借图书
  • 作者相关作品
  • 分类相关作品
  • 丛书相关作品
  • 出版社相关作品

书目信息

  • 表格格式
  • 工作单格式
  • 卡片格式
题名:
学校管理创新
    
 
作者: 卢元锴 主编
分册:  
出版信息: 北京   中国轻工业出版社  2007
页数: 243页
开本: 25cm
丛书名:
单 册:
中图分类: G47-53
科图分类:
主题词: 学校管理--文集 , 学校管理
电子资源:
ISBN: 978-7-5019-5805-4
000 00940nam0 2200277 450
001 003384257
005 20080409144818.23
010    @a978-7-5019-5805-4@dCNY30.00
035    @a003384257
100    @a20070104d2007 em y0chiy0110 ea
101 0  @achi
102    @aCN@b110000
105    @ay z 000yy
106    @ar
200 1  @a学校管理创新@Axue jiao guan li chuang xin@e来自一线校长的创新理念与实践@f卢元锴主编
210    @a北京@c中国轻工业出版社@d2007
215    @a243页@d25cm
300    @a中国教育学会教育管理分会校长培训用书
330    @a本书收录的文章多来源于一线校长在学校管理创新方面的新思考、新探索、新经验,涉及学校管理的各个领域。
517 1  @a来自一线校长的创新理念与实践@Alai zi yi xian xiao zhang de chuang xin li nian yu shi jian
606 0  @a学校管理@j文集
606 0  @a学校管理
690    @aG47-53@v4
701  0 @a卢元锴@Alu yuan kai@f(1940~)@4主编
801  0 @aCN@bNLC@c20080409
905    @dG47-53@e78@f4
    
    学校管理创新:来自一线校长的创新理念与实践/卢元锴主编.-北京:中国轻工业出版社,2007
    243页;25cm
    中国教育学会教育管理分会校长培训用书
    
    ISBN 978-7-5019-5805-4:CNY30.00
    本书收录的文章多来源于一线校长在学校管理创新方面的新思考、新探索、新经验,涉及学校管理的各个领域。
●
相关链接 在E读中查询图书 在五车中查询图书 在当当中查询图书 在豆瓣中查询图书


正题名:学校管理创新     索取号:G47-53/78         预约/预借

序号 登录号 条形码 馆藏地/架位号 状态 备注
1 0793306   207933067   第一样本阅览室/ [索取号:G47-53/78] 在馆    
2 0793307   207933076   第四借阅区/ [索取号:G47-53/78] 在馆    
3 0793308   207933085   第四借阅区/ [索取号:G47-53/78] 在馆    
4 0793309   207933094   第四借阅区/ [索取号:G47-53/78] 在馆    
唐山师范学院图书馆 欢迎您!
大连网信软件有限公司© 版权所有